Kyrillo-Methodianische Wurzeln der tschechischen diakritischen Orthographie /

Main Author: Mareš, František Václav, 1922-1994
Language: German
Published: Wien : Verlag der Österreichischen Akademie der Wissenschaften, 1973
Physical Description: s. 82-99
Book
Saved in:
LEADER 00876nam a2200217 a 4500
001 000612797
003 CZ BrMZK
005 20161020154923.0
007 ta
008 020726s1973 au f ger d
040 |a BOA001  |b cze  |c BOA001 
080 |a 808.50-531  |2 MRF 
100 1 |a Mareš, František Václav,  |d 1922-1994  |7 jk01080180  |4 aut 
245 1 0 |a Kyrillo-Methodianische Wurzeln der tschechischen diakritischen Orthographie /  |c Franz Wenzel Mareš 
260 |a Wien :  |b Verlag der Österreichischen Akademie der Wissenschaften,  |c 1973 
300 |a s. 82-99 
772 0 8 |i Separát ze seriálu:  |t Anzeiger der Philosophisch-Historischen Klasse der Österreichische Akademie der Wissenschaften  |g 1973, Jg. 110, So. 3 
910 |a BOA001  |b X-0969.235 
990 |a BK 
991 |b 201610 
996 7 |b 2619609613  |c X-0969.235  |l MZK  |r Sklad / do 24 hodin  |n 2  |w 000612797  |u 000010  |a 1  |e BOA001  |j MZK50  |s A